Pollution management in industries (Record no. 40082)

MARC details
000 -LEADER
fixed length control field 00381nam a2200145Ia 4500
082 ## - DEWEY DECIMAL CLASSIFICATION NUMBER
Classification number 628.5
Item number TRI
245 #0 - TITLE STATEMENT
Title Pollution management in industries
260 ## - PUBLICATION, DISTRIBUTION, ETC. (IMPRINT)
Place of publication Karad
Name of publisher Environmental
Year of publication 1989
650 ## - SUBJECT ADDED ENTRY--TOPICAL TERM
Topical Term Air pollution
650 ## - SUBJECT ADDED ENTRY--TOPICAL TERM
Topical Term Industrial pollution
650 ## - SUBJECT ADDED ENTRY--TOPICAL TERM
Topical Term Pollution management
700 ## - ADDED ENTRY--PERSONAL NAME
Personal name TRIVEDY, R K
942 ## - ADDED ENTRY ELEMENTS (KOHA)
Koha item type Books
Holdings
Withdrawn status Lost status Damaged status Not for loan Home library Current library Date acquired Full call number Accession Number Koha item type
        RRII Library RRII Library 16/12/2021 628.5 TRI 20397 Books